Представление документа в формате RUSMARC

Поле Инд. ПП Название Значение
Тип записи a
Библиографический уровень a
001 _ Контрольный номер RU/REP/BASE/00005803
005 _ Дата корректировки 20181104132001.1
200 a Заглавие Права потерпевшего в свете досудебного соглашения о сотрудничестве
f Первые сведения об ответственности Горохов С.В.
b Общее обозначение материала Текст
210 d Дата издания 2015
461 _0 1 001RU/REP/BASE/00010629
1 2001
a Закон и право
463 1 20002
a №5.
v С. 111-113
1 210
d 2015
610 a Ключевые слова УГОЛОВНЫЙ ПРОЦЕСС РФ, СОБСТВЕННОСТЬ, ДОСУДЕБНОЕ СОГЛАШЕНИЕ О СОТРУДНИЧЕСТВЕ, ПОТЕРПЕВШИЙ, ИСТОРИЯ ПРАВА РОССИИ, ПРАВО СОБСТВЕННОСТИ
700 _1 a Фамилия Горохов
b Имя С.В.
901 t Тип документа b
w Контрольный № источника 7de6eea509424c6ba70eb1eb97b897de